The temptations of trade : Britain, Spain, and the struggle for empire /

Bibliographic Details
Main Author: Finucane, Adrian, (Author)
Format: eBook
Language:English
Published: Philadelphia, Pennsylvania : University of Pennsylvania Press, 2016.
Series:Early modern Americas.
Subjects:
Online Access:Click to View
LEADER 01996nam a2200469 i 4500
001 EBC4540258
003 MiAaPQ
005 20200520144314.0
006 m o d |
007 cr cnu||||||||
008 170426t20162016pauab o 001 0 eng d
020 |z 9780812248128 
020 |a 9780812292756  |q (electronic bk.) 
035 |a (MiAaPQ)EBC4540258 
035 |a (Au-PeEL)EBL4540258 
035 |a (CaPaEBR)ebr11372441 
035 |a (CaONFJC)MIL902790 
035 |a (OCoLC)944310636 
040 |a MiAaPQ  |b eng  |e rda  |e pn  |c MiAaPQ  |d MiAaPQ 
043 |a e-uk---  |a n------  |a s------  |a e-sp--- 
050 4 |a HF3505.6  |b .F568 2016 
082 0 |a 382.0941  |2 23 
100 1 |a Finucane, Adrian,  |e author. 
245 1 4 |a The temptations of trade :  |b Britain, Spain, and the struggle for empire /  |c Adrian Finucane. 
264 1 |a Philadelphia, Pennsylvania :  |b University of Pennsylvania Press,  |c 2016. 
264 4 |c 2016 
300 |a 1 online resource (212 pages) :  |b illustrations, maps. 
336 |a text  |2 rdacontent 
337 |a computer  |2 rdamedia 
338 |a online resource  |2 rdacarrier 
490 1 |a Early Modern Americas 
500 |a Includes index. 
588 |a Description based on print version record. 
590 |a Electronic reproduction. Ann Arbor, MI : ProQuest, 2016. Available via World Wide Web. Access may be limited to ProQuest affiliated libraries. 
651 0 |a Great Britain  |x Commerce  |z America  |x History. 
651 0 |a America  |x Commerce  |z Great Britain  |x History. 
651 0 |a Spain  |x Commerce  |z America  |x History. 
655 4 |a Electronic books. 
776 0 8 |i Print version:  |a Finucane, Adrian.  |t Temptations of trade : Britain, Spain, and the struggle for empire.  |d Philadelphia, Pennsylvania : University of Pennsylvania Press, c2016   |h 212 pages   |k Early modern Americas.  |z 9780812248128   |w 2015303381 
797 2 |a ProQuest (Firm) 
830 0 |a Early modern Americas. 
856 4 0 |u https://ebookcentral.proquest.com/lib/matrademy/detail.action?docID=4540258  |z Click to View